00731nai a2200181Ia 4500003000900000008004100009022002200050022002300072040001600095245005900111260008600170310001400256362003200270521006900302650005100371650003900422856008800461IN-BaIIA211028c9999 xx s 000 0 eng d a0018-9367 (Print) a1557-962X (Online) cIIA Library 0aIEEE Transactions on Electrical Insulationh[eJournal] aNew York, USAbThe Institute of Electrical and Electronics Engineers, Inc. (IEEE) aBimonthly aEI-1(1); 1965 - 28(6); 1993 bSubscribed through National Knowledge Resource Consortium (NKRC) a Engineered Materials, Dielectrics and Plasmas aFields, Waves and Electromagnetics uhttps://ieeexplore.ieee.org/servlet/opac?punumber=14yClick Here to Access eJournal